Kenang-Kenangan Selangor

Bibliographic Details
Main Author: Wan Muhammad Amin bin Wan Muhammad Sa'id (Author)
Other Authors: Mardiana Nordin (Researcher), Zainal Abidin Borhan (Editor)
Format: Book
Language:Malay
Published: Kuala Lumpur : Yayasan Karyawan 2020
Subjects:

MARC

LEADER 00000cam a2200000 7i4500
001 0000157708
005 20260116.0
008 260116t20202020my o x k may
020 |a 9789839510287 
040 |a PERPUSTAM   |b eng   |c PERPUSTAM   |e rda 
041 |a may 
090 0 0 |a 959.5115   |b WAN 
100 0 |a Wan Muhammad Amin bin Wan Muhammad Sa'id ,   |e author 
245 1 0 |a Kenang-Kenangan Selangor   |c Di-riwayatkan oleh ALLAHYARHAM WAN MUHAMMAD AMIN BIN WAN MUHAMMAD SAID DATO' AMAR DIRAJA PENGHULU ISTI'ADAT SELANGOR DARU'L IHSAN ; Dikaji dan diperkenalkan oleh MARDIANA NORDIN ; Ketua Editor: ZAINAL ABIDIN BORHAN 
264 1 |a Kuala Lumpur :   |b Yayasan Karyawan   |c 2020 
264 4 |c ©2020 
300 |a lxxviii, 128 pages, 132 unnumbered pages :   |b photographs ;   |c 23 cm. 
336 |a text  |2 rdacontent 
337 |a unmediated  |2 rdamedia 
338 |a volume  |2 rdacarrier 
650 0 0 |a Kings and rulers   |z Selangor 
700 0 |a Mardiana Nordin ,   |e researcher 
700 0 |a Zainal Abidin Borhan ,   |e editor 
999 |a 0000870634   |b Buku   |c Rujukan   |e Perbadanan Perpustakaan Awam Melaka 
999 |a 0000870687   |b Buku   |c Rujukan   |e Perbadanan Perpustakaan Awam Melaka